"mindannyian harcos katonák lettünk." = "we all became warrior soldiers." - Szombathelyi Ferenc (1943) A korszerű harcászat és kiképzés. Magyar Katonai Szemle 13. évf. 6. sz. 433-436. /

Elmentve itt :
Bibliográfiai részletek
Szerző: Burány Judit Rita
További közreműködők: Szombathelyi Ferenc
Dokumentumtípus: Cikk
Megjelent: Belvedere Meridionale Szeged 2023
Sorozat:Belvedere Meridionale 35 No. 4
Kulcsszavak:Hadtörténet - Magyarország - 20. sz.
Tárgyszavak:
doi:10.14232/belv.2023.4.9

Online Access:http://acta.bibl.u-szeged.hu/84633
LEADER 00990nab a2200229 i 4500
001 acta84633
005 20240320153911.0
008 240320s2023 hu o 0|| hun d
022 |a 2064-5929 
024 7 |a 10.14232/belv.2023.4.9  |2 doi 
040 |a SZTE Egyetemi Kiadványok Repozitórium  |b hun 
041 |a hun 
100 1 |a Burány Judit Rita 
245 1 0 |a "mindannyian harcos katonák lettünk." = "we all became warrior soldiers." - Szombathelyi Ferenc (1943)  |h [elektronikus dokumentum] :  |b A korszerű harcászat és kiképzés. Magyar Katonai Szemle 13. évf. 6. sz. 433-436. /  |c  Burány Judit Rita 
260 |a Belvedere Meridionale  |b Szeged  |c 2023 
300 |a 146-155 
490 0 |a Belvedere Meridionale  |v 35 No. 4 
650 4 |a Bölcsészettudományok 
650 4 |a Történettudomány és régészet 
695 |a Hadtörténet - Magyarország - 20. sz. 
700 0 1 |a Szombathelyi Ferenc 
856 4 0 |u http://acta.bibl.u-szeged.hu/84633/1/belvedere_2023_004_146-155.pdf  |z Dokumentum-elérés